2025-2026 NFL All-Pro First Team - Statistics

General Stats
  • This quiz has been taken 151 times
  • The average score is 21 of 31
Answer Stats
Hint Team Answer % Correct
Quarterback Los Angeles Rams Matthew Stafford
99%
Running Back Atlanta Falcons Bijan Robinson
98%
Wide Receiver Los Angeles Rams Puka Nacua
98%
Wide Receiver Cincinnati Bengals Ja'Marr Chase
96%
Wide Receiver Seattle Seahawks Jaxon Smith-Njigba
96%
Edge Rusher Cleveland Browns Myles Garrett
95%
Edge Rusher Green Bay Packers Micah Parsons
92%
Tight End Arizona Cardinals Trey McBride
90%
All Purpose San Francisco 49ers Christian McCaffrey
89%
Edge Rusher Houston Texans Will Anderson Jr.
84%
Slot Cornerback Philadelphia Eagles Cooper DeJean
83%
Safety Baltimore Ravens Kyle Hamilton
77%
Right Tackle Detroit Lions Penei Sewell
76%
Cornerback Houston Texans Derek Stingley Jr.
74%
Fullback San Francisco 49ers Kyle Juszczyk
73%
Center Kansas City Chiefs Creed Humphrey
71%
Left Guard Chicago Bears Joe Thuney
69%
Cornerback Philadelphia Eagles Quinyon Mitchell
68%
Interior Lineman Tennessee Titans Jeffery Simmons
66%
Linebacker Detroit Lions Jack Campbell
60%
Safety Chicago Bears Kevin Byard
56%
Left Tackle Denver Broncos Garrett Bolles
50%
Punt Returner Tennessee Titans Chimere Dike
47%
Right Guard Denver Broncos Quinn Meinerz
47%
Placekicker Minnesota Vikings Will Reichard
44%
Interior Lineman Denver Broncos Zach Allen
40%
Linebacker Miami Dolphins Jordyn Brooks
37%
Kick Returner Buffalo Bills Ray Davis
35%
Punter Baltimore Ravens Jordan Stout
26%
Long Snapper Jacksonville Jaguars Ross Matiscik
11%
Special Teamer Denver Broncos Devon Key
10%
No matching quizzes found
Score Distribution
Percent of People with Each Score
Percentile by Number Answered
Your Score History
You have not taken this quiz